Statistiken für Top 15 der betroffenen Covid-19-Länder - 26. Januar 2022

Klicken Sie hier um das Quiz zu spielen!

Allgemein

  • Dieses Quiz wurde 34 mal gespielt
  • Das Durchschnittsergebnis liegt bei 17 aus 27

Antwortstatistiken

Land% Korrekt
Deutschland
97%
Vereinigte Staaten
97%
Brasilien
90%
Frankreich
87%
Spanien
87%
Italien
83%
Russland
83%
Vereinigtes Königreich
83%
Indien
77%
Mexiko
73%
Polen
67%
Argentinien
63%
Portugal
63%
Türkei
63%
Niederlande
60%
Belgien
57%
Irland
57%
Dänemark
47%
Tschechien
47%
Iran
43%
Kolumbien
43%
Litauen
43%
Schweiz
43%
Slowenien
40%
Estland
37%
Israel
33%
Georgien
13%

Verteilung der Resultate

Perzentil nach korrekt beantworteten Fragen

Anzahl Personen mit jedem Resultat

Ihre Resultats-Entwicklung

Sie haben dieses Quiz noch nicht gespielt